[Event "Sherbrooke op-C"]
[Site "Sherbrooke"]
[Date "2008.05.25"]
[Round "5"]
[White "Bilodeau Savaria, Cendrina"]
[Black "Roussel, Alexandre"]
[Result "1-0"]
[WhiteElo "986"]
[BlackElo "938"]
[PlyCount "71"]
[EventDate "2008.05.23"]
[EventType "swiss"]
[EventRounds "5"]
[EventCountry "CAN"]
[SourceTitle "EXT 2011"]
[Source "ChessBase"]
[SourceDate "2010.11.26"]
[SourceVersion "1"]
[SourceVersionDate "2010.11.26"]
[SourceQuality "1"]

1. d4 d5 2. c4 Nf6 3. Nc3 e6 4. Bg5 Nbd7 5. e3 Be7 6. Nf3 h6 7. Bxf6 Nxf6 8. a3 b6 9. Be2 Ba6 10. cxd5 Bxe2 11. Qxe2 Nxd5 12. Rc1 Qd7 13. Nxd5 exd5 14. 0-0 0-0 15. Rc2 c5 16. Rfc1 Rac8 17. Ne5 Qe6 18. Nf3 cxd4 19. Nxd4 Qd7 20. Qb5 Qxb5 21. Nxb5 Rc5 22. Nd4 Rfc8 23. Kf1 Bf6 24. Rc3 Rxc3 25. Rxc3 Rxc3 26. bxc3 g5 27. g4 Be5 28. h3 Kg7 29. Ke2 Kg6 30. Kd3 h5 31. Nc6 Bd6 32. a4 f5 33. f3 a5 34. Nd4 f4 35. e4 dxe4+ 36. Kxe4 1-0

[Event "Sherbrooke op C"]
[Site "Sherbrooke"]
[Date "2007.05.27"]
[Round "5"]
[White "Lavigne, Jake"]
[Black "Roussel, Alexandre"]
[Result "0-1"]
[WhiteElo "1286"]
[BlackElo "1317"]
[PlyCount "50"]
[EventDate "2007.05.25"]
[EventType "swiss"]
[EventRounds "5"]
[EventCountry "CAN"]
[SourceTitle "EXT 2022"]
[Source "ChessBase"]
[SourceDate "2021.10.06"]
[SourceVersion "1"]
[SourceVersionDate "2021.10.06"]
[SourceQuality "1"]

1. e4 Nf6 2. Nc3 e5 3. Nd5 Bc5 4. Nxf6+ Qxf6 5. Qe2 0-0 6. Qf3 Qe6 7. Qh3 Qxh3 8. Nxh3 Nc6 9. d3 Nb4 10. Kd1 d5 11. g3 Bg4+ 12. Kd2 dxe4 13. dxe4 Rad8+ 14. Bd3 Bxh3 15. a3 Nc6 16. b4 Bxf2 17. Ke2 Bd4 18. Ra2 Bg4+ 19. Kd2 f5 20. Re1 fxe4 21. Rxe4 h5 22. Bb5 Rf2+ 23. Re2 Be3+ 24. Kxe3 Rf3+ 25. Ke4 Rd4# 0-1

[Event "Sherbrooke op C"]
[Site "Sherbrooke"]
[Date "2007.05.25"]
[Round "1"]
[White "Viens, Nicolas"]
[Black "Roussel, Alexandre"]
[Result "1-0"]
[WhiteElo "1360"]
[BlackElo "1317"]
[PlyCount "55"]
[EventDate "2007.05.25"]
[EventType "swiss"]
[EventRounds "5"]
[EventCountry "CAN"]
[SourceTitle "EXT 2022"]
[Source "ChessBase"]
[SourceDate "2021.10.06"]
[SourceVersion "1"]
[SourceVersionDate "2021.10.06"]
[SourceQuality "1"]

1. c4 e5 2. Nc3 Nf6 3. e3 Nc6 4. d4 d6 5. d5 Nb4 6. Qa4+ Bd7 7. Qxb4 c5 8. Qb3 Rb8 9. Bd3 Qa5 10. Bd2 e4 11. Nxe4 Qa6 12. Nxf6+ gxf6 13. Qc2 b5 14. Bxh7 bxc4 15. Qe4+ Be7 16. Bc3 f5 17. Bxf5 Rh4 18. f4 Bxf5 19. Qxf5 Kf8 20. Nf3 Rh6 21. Ng5 f6 22. Ne6+ Kf7 23. g4 Rh3 24. Ng5+ Kg7 25. Nxh3 Qc8 26. Qh5 Qh8 27. Ng5 Kg8 28. Qf7# 1-0